| 000 | 00368nam a2200121Ia 4500 | ||
|---|---|---|---|
| 008 | 170221s9999 xx 000 0 und d | ||
| 100 | _aHee Soo Lee | ||
| 245 | _aRisk and Return in Hedge Funds and Funds-of-Hedge Funds: A Cross-Sectional Approach | ||
| 245 | _cHee Soo Lee | ||
| 260 | _c2012 | ||
| 650 | _xBusiness | ||
| 856 | _uhttp://ro.uow.edu.au/aabfj/vol6/iss3/4/ | ||
| 999 |
_c309710 _d309710 |
||